Teoría del conocimiento /
Guardado en:
| Autor Principal: | |
|---|---|
| Formato: | Libro |
| Publicado: |
Buenos Aires :
Losada,
1979
|
| Edición: | 17a. ed. |
| Materias: | |
| Etiquetas: |
Agregar Etiqueta
Sin Etiquetas, Sea el primero en etiquetar este registro!
|
| LEADER | 00555nam a22001935a 4500 | ||
|---|---|---|---|
| 001 | CEM.cems007152 | ||
| 005 | 20060214000000.0 | ||
| 008 | 130507s1979##################000#0#####d | ||
| 003 | CEMS | ||
| 082 | 0 | 4 | |a 121 |
| 100 | 1 | |a Hessen, J. | |
| 245 | 1 | 0 | |a Teoría del conocimiento / |
| 250 | |a 17a. ed. | ||
| 260 | |a Buenos Aires : |b Losada, |c 1979 | ||
| 300 | |a 160 p. | ||
| 653 | |a Conocimiento | ||
| 653 | |a Teoria del conocimiento | ||
| 859 | |a CEMS |b BIB. CEMS - 11 de abril |h 121 |i H463a17 |p 7781.80 |t Ej.1 | ||
| 859 | |a CEMS |b BIB. CEMS - 11 de abril |h 121 |i H463a17 |p 7782.80 |t Ej.2 | ||
